000 01120nam a22002777a 4500
001 BD-DhSAU
003 BD-DhSAU
005 20240330110211.0
008 150420b2005 bg ||||| m||| 00| 0 eng d
040 _aBD-DhSAU
082 _222
_a630
_bAf85
100 _aAFROZ, EVANTA
_eRegistration No. # 15-06845
245 _aEffect of leaf clipping on productivity under different population densities of hybrid maize /
_bMS thesis
260 _aSher-e-Bangla Agricultural Uniersity :
_bDepartment of Agronomy;
_c2022.
300 _ax, 70 p. ;
_c30 cm.
500 _aMS thesis of Department of Agronomy, Faculty of Agriculture, Sher-e-Bangla Agricultural University, Dhaka, Bangladesh
504 _aIncludes bibliographical reference.
590 _aNazmul
650 _aleaf clipping
651 _aproductivity
654 _apopulation densities of hybrid maize
700 _aProf. Dr. H. M. M. Tariq Hossain
_eSuperviser
700 _aAssit. Prof. Mirza Mobashwerul Haque
_eCo-superviser
856 _uhttp://archive.saulibrary.edu.bd:8080/xmlui/handle/123456789/5126
942 _2ddc
_cTHESIS
999 _c17504
_d17503